Poradenství v ergoterapii / Jana Jelínková
Record details
- ISBN: 978-80-246-5501-7
- Physical Description: 107 stran : ilustrace ; 21 cm
- Edition: Vydání první
- Publisher: Praha : Univerzita Karlova, nakladatelství Karolinum, 2023
Content descriptions
| Bibliography, etc. Note: | Obsahuje bibliografie |
Search for related items by subject
| Subject: | ergoterapie poradenství osoby se zdravotním postižením telemedicína occupational therapy consulting services people with disabilities telemedicine |
| Genre: | učebnice vysokých škol textbooks (higher) |
Search for related items by series
Available copies
- 1 of 1 copy available at Common Catalog SPOK.
Holds
- 0 current holds with 1 total copy.
Show All Copies
| Location | Call Number / Copy Notes | Barcode | Shelving Location | Status | Due Date |
|---|---|---|---|---|---|
| Jabok Library | Psy-9.8/J | 424480046218 | Odborná literatura | Available | - |
| LDR | 01866nam a2200529 i 4500 | ||
|---|---|---|---|
| 001 | 57554 | ||
| 003 | CZ-PrJAB | ||
| 005 | 20231013064947.0 | ||
| 007 | ta | ||
| 008 | 230726s2023 xr a e p 000 0 cze | ||
| 015 | . | ‡acnb003534650 | |
| 020 | . | ‡a978-80-246-5501-7 ‡q(brožováno) | |
| 035 | . | ‡a(CZ PrNK)nkc20233534650 | |
| 035 | . | ‡a(OCoLC)1402156233 | |
| 040 | . | ‡aABA001 ‡bcze ‡dOLA001 ‡erda | |
| 072 | 7. | ‡a615.8 ‡xFyzioterapie. Psychoterapie. Alternativní lékařství ‡2Konspekt ‡914 | |
| 072 | 7. | ‡a37.016 ‡xUčební osnovy. Vyučovací předměty. Učebnice ‡2Konspekt ‡922 | |
| 080 | . | ‡a615.851.3 ‡2MRF | |
| 080 | . | ‡a659.2 ‡2MRF | |
| 080 | . | ‡a316.344.6-056.26/.3 ‡2MRF | |
| 080 | . | ‡a61:004.7 ‡2MRF | |
| 080 | . | ‡a(075.8) ‡2MRF | |
| 100 | 1 | . | ‡aJelínková, Jana ‡7xx0070084 ‡4aut |
| 245 | 1 | 0. | ‡aPoradenství v ergoterapii / ‡cJana Jelínková |
| 250 | . | ‡aVydání první | |
| 264 | 1. | ‡aPraha : ‡bUniverzita Karlova, nakladatelství Karolinum, ‡c2023 | |
| 300 | . | ‡a107 stran : ‡bilustrace ; ‡c21 cm | |
| 336 | . | ‡atext ‡btxt ‡2rdacontent | |
| 337 | . | ‡abez média ‡bn ‡2rdamedia | |
| 338 | . | ‡asvazek ‡bnc ‡2rdacarrier | |
| 490 | 1 | . | ‡aUčební texty Univerzity Karlovy |
| 504 | . | ‡aObsahuje bibliografie | |
| 650 | 0 | 7. | ‡aergoterapie ‡7ph119986 ‡2czenas |
| 650 | 0 | 7. | ‡aporadenství ‡7ph124359 ‡2czenas |
| 650 | 0 | 7. | ‡aosoby se zdravotním postižením ‡7ph127575 ‡2czenas |
| 650 | 0 | 7. | ‡atelemedicína ‡7ph867746 ‡2czenas |
| 650 | 0 | 9. | ‡aoccupational therapy ‡2eczenas |
| 650 | 0 | 9. | ‡aconsulting services ‡2eczenas |
| 650 | 0 | 9. | ‡apeople with disabilities ‡2eczenas |
| 650 | 0 | 9. | ‡atelemedicine ‡2eczenas |
| 655 | 7. | ‡aučebnice vysokých škol ‡7fd133772 ‡2czenas | |
| 655 | 9. | ‡atextbooks (higher) ‡2eczenas | |
| 710 | 2 | . | ‡aUniverzita Karlova ‡7kn20010710036 ‡4pbl |
| 810 | 2 | . | ‡aUniverzita Karlova. ‡tUčební texty |
| 910 | . | ‡aABG312 | |
| 995 | . | ‡aska | |
| 901 | . | ‡a57554 ‡bAUTOGEN ‡c57554 ‡tbiblio | |